000 00351nam a2200157Ia 4500
008 160316s1999 xxu||||| |||| 00| 0 eng d
082 _a341.762000
_bCHH
100 _aChhina Sonu
245 _aAwake on the wild side
250 _a
260 _a
_bIndian Express
_c1999
300 _a1
_b
_c
365 _b
650 _a1. Wildlife
700 _a
_a
999 _c41257
_d41257